| 000 | 01290nam a22002657a 4500 | ||
|---|---|---|---|
| 005 | 20101206113148.0 | ||
| 008 | 101206t xxu||||| |||| 00| 0 hin d | ||
| 010 | _aHIN-93288 | ||
| 020 |
_c300.00 _a8190393898 |
||
| 035 | _aHN-65634 | ||
| 037 | _bDBAD/PUB | ||
| 040 |
_aDPL _bHN |
||
| 082 | _a181.46 | ||
| 100 |
_924598 _aहरिओम |
||
| 245 |
_aस्वामी विवेकानन्द जी के प्रेरक प्रसंगः _cहरिओम _bजीवन को सही दिशा प्रदान करते ज्ञानवर्द्धक व प्रेरणादायी प्रसंग / |
||
| 260 |
_aइलाहाबाद _bभारतीय संस्कार प्रकाशन _c2010 |
||
| 270 |
_bइलाहाबाद _a145/116, भुसौली टोला, खुल्दाबाद _k0532- 2618599 |
||
| 300 |
_a128पृ. _c22सेमी (सजिल्द) _bसचित्र |
||
| 650 | _91169 | ||
| 650 | _929580 | ||
| 700 | _924599 | ||
| 700 | _924924 | ||
| 942 |
_2ddc _cHN _mहरिओ _h181.46 |
||
| 999 |
_c54085 _d54085 |
||